<?xml version="1.0" encoding="UTF-8"?>
<record
    xmlns:xsi="http://www.w3.org/2001/XMLSchema-instance"
    xsi:schemaLocation="http://www.loc.gov/MARC21/slim http://www.loc.gov/standards/marcxml/schema/MARC21slim.xsd"
    xmlns="http://www.loc.gov/MARC21/slim">

  <leader>00771nam a2200229Ia 4500</leader>
  <controlfield tag="005">20220325153017.0</controlfield>
  <controlfield tag="008">210716s2014    xx            000 0 und d</controlfield>
  <datafield tag="020" ind1=" " ind2=" ">
    <subfield code="a">9789339204723</subfield>
  </datafield>
  <datafield tag="040" ind1=" " ind2=" ">
    <subfield code="c">AIMIT LIBRARY</subfield>
  </datafield>
  <datafield tag="041" ind1=" " ind2=" ">
    <subfield code="a">eng</subfield>
  </datafield>
  <datafield tag="082" ind1=" " ind2=" ">
    <subfield code="a">657.3 </subfield>
    <subfield code="2">10</subfield>
    <subfield code="b">SUBK</subfield>
  </datafield>
  <datafield tag="100" ind1=" " ind2=" ">
    <subfield code="a">Subramanyam, K R.</subfield>
    <subfield code="9">25847</subfield>
  </datafield>
  <datafield tag="245" ind1=" " ind2=" ">
    <subfield code="a">Financial statement analysis /</subfield>
    <subfield code="c">By K. R Subramanyam and John J. Wild.</subfield>
  </datafield>
  <datafield tag="250" ind1=" " ind2=" ">
    <subfield code="a">10th ed.</subfield>
    <subfield code="b">Indian Edition.</subfield>
  </datafield>
  <datafield tag="260" ind1=" " ind2=" ">
    <subfield code="a">New Delhi :</subfield>
    <subfield code="b">Mc Graw Hill Book Company ,</subfield>
    <subfield code="c">2014.</subfield>
  </datafield>
  <datafield tag="300" ind1=" " ind2=" ">
    <subfield code="a">xx,685,A35,A56,I4,R8,IN15p. ;</subfield>
    <subfield code="c">25 cm.</subfield>
  </datafield>
  <datafield tag="650" ind1=" " ind2=" ">
    <subfield code="a">Financial Reporting and Analyais</subfield>
    <subfield code="9">25848</subfield>
  </datafield>
  <datafield tag="650" ind1=" " ind2=" ">
    <subfield code="a">Cash flow analysis.</subfield>
    <subfield code="9">25934</subfield>
  </datafield>
  <datafield tag="650" ind1=" " ind2=" ">
    <subfield code="a">Analyzing operating Activities</subfield>
    <subfield code="9">25935</subfield>
  </datafield>
  <datafield tag="700" ind1=" " ind2=" ">
    <subfield code="a">Wild, John J.</subfield>
    <subfield code="9">25936</subfield>
  </datafield>
  <datafield tag="942" ind1=" " ind2=" ">
    <subfield code="2">ddc</subfield>
    <subfield code="c">BK</subfield>
    <subfield code="e">10th</subfield>
    <subfield code="k">657.3 SUBK</subfield>
  </datafield>
  <datafield tag="999" ind1=" " ind2=" ">
    <subfield code="c">209245</subfield>
    <subfield code="d">209245</subfield>
  </datafield>
  <datafield tag="952" ind1=" " ind2=" ">
    <subfield code="0">0</subfield>
    <subfield code="1">0</subfield>
    <subfield code="2">ddc</subfield>
    <subfield code="4">0</subfield>
    <subfield code="7">3</subfield>
    <subfield code="8">MBA</subfield>
    <subfield code="a">AIMIT</subfield>
    <subfield code="b">AIMIT</subfield>
    <subfield code="d">2004-04-08</subfield>
    <subfield code="g">899.00</subfield>
    <subfield code="i">Bill no:265; Bill dt:2015-08-13</subfield>
    <subfield code="l">0</subfield>
    <subfield code="o">657.3 SUBK</subfield>
    <subfield code="p">MBA11811</subfield>
    <subfield code="r">2025-07-21 00:00:00</subfield>
    <subfield code="v">674.25</subfield>
    <subfield code="w">2021-07-16</subfield>
    <subfield code="y">BK</subfield>
  </datafield>
  <datafield tag="952" ind1=" " ind2=" ">
    <subfield code="0">0</subfield>
    <subfield code="1">0</subfield>
    <subfield code="2">ddc</subfield>
    <subfield code="4">0</subfield>
    <subfield code="7">0</subfield>
    <subfield code="8">MBA</subfield>
    <subfield code="a">AIMIT</subfield>
    <subfield code="b">AIMIT</subfield>
    <subfield code="d">2004-04-08</subfield>
    <subfield code="g">899.00</subfield>
    <subfield code="i">Bill no:265; Bill dt:2015-08-13</subfield>
    <subfield code="l">0</subfield>
    <subfield code="o">657.3 SUBK</subfield>
    <subfield code="p">MBA11812</subfield>
    <subfield code="r">2026-05-23 00:00:00</subfield>
    <subfield code="v">674.25</subfield>
    <subfield code="w">2021-07-16</subfield>
    <subfield code="y">BK</subfield>
  </datafield>
  <datafield tag="952" ind1=" " ind2=" ">
    <subfield code="0">0</subfield>
    <subfield code="1">0</subfield>
    <subfield code="2">ddc</subfield>
    <subfield code="4">0</subfield>
    <subfield code="7">0</subfield>
    <subfield code="8">MBA</subfield>
    <subfield code="a">AIMIT</subfield>
    <subfield code="b">AIMIT</subfield>
    <subfield code="d">2004-04-08</subfield>
    <subfield code="g">899.00</subfield>
    <subfield code="i">Bill no:265; Bill dt:2015-08-13</subfield>
    <subfield code="l">0</subfield>
    <subfield code="o">657.3 SUBK</subfield>
    <subfield code="p">MBA11813</subfield>
    <subfield code="r">2026-05-23 00:00:00</subfield>
    <subfield code="v">674.25</subfield>
    <subfield code="w">2021-07-16</subfield>
    <subfield code="y">BK</subfield>
  </datafield>
  <datafield tag="952" ind1=" " ind2=" ">
    <subfield code="0">0</subfield>
    <subfield code="1">0</subfield>
    <subfield code="2">ddc</subfield>
    <subfield code="4">0</subfield>
    <subfield code="7">0</subfield>
    <subfield code="8">MBA</subfield>
    <subfield code="a">AIMIT</subfield>
    <subfield code="b">AIMIT</subfield>
    <subfield code="d">2004-04-08</subfield>
    <subfield code="g">899.00</subfield>
    <subfield code="i">Bill no:265; Bill dt:2015-08-13</subfield>
    <subfield code="l">0</subfield>
    <subfield code="o">657.3 SUBK</subfield>
    <subfield code="p">MBA11814</subfield>
    <subfield code="r">2026-05-23 00:00:00</subfield>
    <subfield code="v">674.25</subfield>
    <subfield code="w">2021-07-16</subfield>
    <subfield code="y">BK</subfield>
  </datafield>
  <datafield tag="952" ind1=" " ind2=" ">
    <subfield code="0">0</subfield>
    <subfield code="1">0</subfield>
    <subfield code="2">ddc</subfield>
    <subfield code="4">0</subfield>
    <subfield code="7">0</subfield>
    <subfield code="8">MBA</subfield>
    <subfield code="a">AIMIT</subfield>
    <subfield code="b">AIMIT</subfield>
    <subfield code="d">2004-04-08</subfield>
    <subfield code="g">899.00</subfield>
    <subfield code="i">Bill no:265; Bill dt:2015-08-13</subfield>
    <subfield code="l">0</subfield>
    <subfield code="o">657.3 SUBK</subfield>
    <subfield code="p">MBA11815</subfield>
    <subfield code="r">2026-05-23 00:00:00</subfield>
    <subfield code="v">674.25</subfield>
    <subfield code="w">2021-07-16</subfield>
    <subfield code="y">BK</subfield>
  </datafield>
</record>
